000 00724nam a2200253Ia 4500
003 OSt
005 20220924130225.0
006 a|||||r|||| 00| 0
007 ta
008 220923b |||||||| |||| 00| 0 per d
024 _a325321
037 _cTextual
040 _aARTS
_cARTS
_bper
041 _2per
_aper
082 _aDelta73y7E58:g, 164M0
100 _aZarrin Abdul Hussain Au.
_9199712
245 0 _aFarar az madarsah
260 _aTehran
_bMususa intasharat ameer kabeer Iran
_c1980
650 _a ISLAM
_9577
650 _a SPIRurdALISM
650 _aCRITICISM
_931425
942 _hDelta73y7E58:g, 164M0
_cTEXL
_2CC
999 _c424299
_d424299